Click to Translate - Albanian - Statistics

General Stats
  • This quiz has been taken 2,400 times
  • The average score is 11 of 20
Answer Stats
Hint Answer % Correct
Two Dy
76%
Albanian Shqip
73%
Good Morning Miremengjes
68%
Car Makinë
62%
Chicken Pulë
61%
Gold Ar
58%
Yes Po
56%
Thank you Faleminderit
55%
Hello Përshëndetje
53%
Teeth Dhëmbët
52%
Brown Kafe
52%
Write Shkruaj
52%
She Ajo
51%
Where Ku
51%
Dog Qeni
50%
Sun Dielli
45%
Entrance Hyrja
45%
Today Sot
45%
Salt Kripë
43%
February Shkurt
42%
No matching quizzes found
Score Distribution
Percent of People with Each Score
Percentile by Number Answered
Your Score History
You have not taken this quiz